| 000 | 01517nam a2200409 a 4500 | ||
|---|---|---|---|
| 001 | 000111447 | ||
| 003 | CHAP | ||
| 005 | 20220329144211.0 | ||
| 008 | 150413s2014 mx a |r| |||||||spa d | ||
| 010 | _a107909 | ||
| 011 | _a108881 | ||
| 020 | _a9786072802551 | ||
| 040 | _cCHAP | ||
| 082 | 0 | 4 |
_a631.584 _bR94 |
| 245 | 0 | 3 |
_aLa ruralidad sustentable : _bel aprendizaje de nuevas políticas para una sociedad de riesgo / _ccoordinado por María Antonia Galván Fernández y Vinicio Horacio Santoyo Cortés. |
| 260 |
_aMéxico : _bUACH. CIESTAAM, _bUAM. Unidad Xochimilco, _c2014. |
||
| 300 |
_a160 p. : _bil. |
||
| 590 |
_aE11695DGD _b10 _c20150415 _lUCH01 _h0948 |
||
| 590 |
_aE5995AHE _b05 _c20150413 _lUCH01 _h1422 |
||
| 590 |
_aE5995AHE _b05 _c20150413 _lUCH01 _h1423 |
||
| 590 |
_aE5995AHE _b05 _c20150413 _lUCH01 _h1438 |
||
| 590 |
_aE5995AHE _b05 _c20150413 _lUCH01 _h1439 |
||
| 590 |
_aE5995AHE _b05 _c20150414 _lUCH01 _h1443 |
||
| 590 |
_aE6096MTM _b05 _c20150414 _lUCH01 _h1116 |
||
| 590 |
_aE6096MTM _b05 _c20150414 _lUCH01 _h1436 |
||
| 650 | 1 | 4 |
_aAgricultura intensiva. _92002 |
| 650 | 1 | 4 |
_aAgricultura orgánica. _92005 |
| 650 | 1 | 4 |
_aAgricultura sustentable _zMéxico. _9128970 |
| 650 | 1 | 4 |
_aAgua _xContaminación _xMéxico. _92359 |
| 650 | 1 | 4 |
_aDesarrollo sustentable _xMéxico. _932090 |
| 650 | 1 | 4 |
_aSuelos _xContaminación. _9110327 |
| 700 | 0 |
_aSantoyo Cortés, Vinicio Horacio _ecoord. _9102560 |
|
| 700 | 1 |
_aGalván Fernández, María Antonia _ecoord. _9129316 |
|
| 901 | _aBK | ||
| 942 | _cLIBRO | ||
| 942 | _n0 | ||
| 999 |
_c107909 _d107909 |
||